000 00695nam a2200253Ia 4500
003 OSt
005 20221006142324.0
006 a|||||r|||| 00| 0
007 ta
008 221006b |||||||| |||| 00| 0 eng d
020 _a9780283996474
_c878.00
024 _a6,067
037 _cTextual
040 _aEASL
_cEASL
_beng
041 _2eng
_aeng
082 _aV42.N89, N0
100 _aCORTAZZI Hugh
_9647394
245 0 _aJapanese achievement
260 _aLondon
_bSidgwick and Jackson
_c1990
300 _a350p.
_ccm.
490 _v JEL
_aSidgwick & Jackson Great Civilization series
942 _hV42.N89, N0
_cTEXL
_2CC
999 _c1074153
_d1074153